[Event "Pavlodar op"]
[Site "Pavlodar"]
[Date "2013.12.17"]
[Round "8"]
[White "Kotsur, Kirill"]
[Black "Safronova, Tatyana"]
[Result "0-1"]
[WhiteElo "1733"]
[BlackElo "1562"]
[PlyCount "65"]
[EventDate "2013.12.10"]
[EventType "swiss"]
[EventRounds "10"]
[EventCountry "KAZ"]
[SourceTitle "CBM 158 Extra"]
[Source "ChessBase"]
[SourceDate "2014.02.28"]
[SourceVersion "1"]
[SourceVersionDate "2014.02.28"]
[SourceQuality "1"]

1. d4 Nf6 2. c4 e6 3. g3 d5 4. Bg2 Be7 5. Nf3 0-0 6. 0-0 c6 7. b3 Nbd7 8. Ba3 Re8 9. Bxe7 Qxe7 10. e3 Ne4 11. Nbd2 Ndf6 12. Qc2 Bd7 13. Ne5 Nxd2 14. Qxd2 Ne4 15. Qd3 f5 16. Rfc1 Rad8 17. c5 a5 18. a4 Ra8 19. Rab1 Reb8 20. b4 axb4 21. Rxb4 Be8 22. Ra1 Qc7 23. Rb6 Nxc5 24. dxc5 Qxe5 25. Ra2 Qc7 26. a5 Bd7 27. Qc3 Bc8 28. Bf1 Ra7 29. Rab2 Rba8 30. Ra2 Kf8 31. Be2 Kg8 32. Qb4 h6 33. Qa4 0-1

[Event "Pavlodar op"]
[Site "Pavlodar"]
[Date "2013.12.11"]
[Round "3"]
[White "Balakanova, Bakhyt"]
[Black "Kotsur, Kirill"]
[Result "1-0"]
[WhiteElo "2080"]
[BlackElo "1733"]
[PlyCount "55"]
[EventDate "2013.12.10"]
[EventType "swiss"]
[EventRounds "10"]
[EventCountry "KAZ"]
[SourceTitle "CBM 158 Extra"]
[Source "ChessBase"]
[SourceDate "2014.02.28"]
[SourceVersion "1"]
[SourceVersionDate "2014.02.28"]
[SourceQuality "1"]

1. e4 c5 2. Nc3 Nc6 3. g3 e6 4. Bg2 a6 5. Nge2 Nf6 6. 0-0 Be7 7. f4 d6 8. h3 Qc7 9. d3 b5 10. Be3 Bb7 11. a4 b4 12. Nb1 a5 13. c3 d5 14. e5 Nd7 15. d4 c4 16. f5 b3 17. fxe6 fxe6 18. Nf4 Nf8 19. Qg4 g6 20. Nxe6 Nxe6 21. Qxe6 Nd8 22. Qg4 Bc8 23. Qe2 Be6 24. Nd2 Qd7 25. Nxc4 Rb8 26. Nd6+ Bxd6 27. exd6 Qxd6 28. Bf4 1-0